Welcome to the Holygrace Academy Library

Please use search bar below to get started

CONCISE INORGANIC CHEMISTRY (Record no. 8967)

MARC details
000 -LEADER
fixed length control field 00364nam a22001457a 4500
082 ## - DEWEY DECIMAL CLASSIFICATION NUMBER
Classification number 540
Item number LEE/C
100 ## - MAIN ENTRY--AUTHOR NAME
Personal name LEE,J D
245 ## - TITLE STATEMENT
Title CONCISE INORGANIC CHEMISTRY
246 ## - VARYING FORM OF TITLE
Title proper/short title CONCISE INORGANIC CHEMISTRY
Remainder of title CONCISE INORGANIC CHEMISTRY
260 ## - PUBLICATION, DISTRIBUTION, ETC. (IMPRINT)
Place of publication FRANCE
Name of publisher BLACK WELL SCIENCE
300 ## - PHYSICAL DESCRIPTION
Number of Pages 1032
520 ## - SUMMARY, ETC.
Summary, etc CHEMISTRY RELATED
650 ## - SUBJECT ADDED ENTRY--TOPICAL TERM
Topical Term CHEMISTRY
942 ## - ADDED ENTRY ELEMENTS (KOHA)
Koha item type Books
Holdings
Withdrawn status Lost status Collection code Home library Current library Date acquired Full call number Accession Number Koha item type
    Reference Main Library Main Library 20/11/2024 540 LEE/C 13731 Books